000 00543nam a2200157 i 4500
001 64303
003 ES-MaACL
007 t|
008 031223s1975 sp ||||1| spa d
100 1 _aFlores Jaramillo, Renán.
_951287
245 1 3 _aLa explosión de las comunicaciones y la educación permanente /
_cpor Renán Flores Jaramillo ; prólogo de Manuel Calvo Hernando.
260 _aBarcelona :
_bPromoción Cultural,
_c[1975]
300 _a113 p. ;
_c19 cm.
700 1 _aCalvo Hernando, Manuel.
_933886
852 _aES-MaACL
_jE-7423
_bR.91440
999 _c64303
_d64303